Discrete mathematics for computing / (Record no. 13434)
[ view plain ]
| 000 -LEADER | |
|---|---|
| fixed length control field | 00746cam a22002295a 4500 |
| 005 - DATE AND TIME OF LATEST TRANSACTION | |
| control field | 20171206145244.0 |
| 008 - FIXED-LENGTH DATA ELEMENTS--GENERAL INFORMATION | |
| fixed length control field | 081130s2009 enka fr 001 0 eng d |
| 010 ## - LIBRARY OF CONGRESS CONTROL NUMBER | |
| LC control number | 2001032889 |
| 020 ## - INTERNATIONAL STANDARD BOOK NUMBER | |
| International Standard Book Number | 9780230216112 |
| 040 ## - CATALOGING SOURCE | |
| Original cataloging agency | EG-ScBUE |
| Language of cataloging | eng |
| Transcribing agency | EG-ScBUE |
| Modifying agency | EG-ScBUE |
| 082 04 - DEWEY DECIMAL CLASSIFICATION NUMBER | |
| Classification number | 004.0151 |
| Item number | GRO |
| Edition number | 22 |
| 100 1# - MAIN ENTRY--PERSONAL NAME | |
| Personal name | Grossman, Peter. |
| 9 (RLIN) | 11569 |
| 245 10 - TITLE STATEMENT | |
| Title | Discrete mathematics for computing / |
| Statement of responsibility, etc | Peter Grossman. |
| 250 ## - EDITION STATEMENT | |
| Edition statement | 3rd ed. |
| 260 ## - PUBLICATION, DISTRIBUTION, ETC. (IMPRINT) | |
| Place of publication, distribution, etc | Houndmills, UK ; |
| -- | New York : |
| Name of publisher, distributor, etc | Palgrave Macmillan, |
| Date of publication, distribution, etc | 2009. |
| 300 ## - PHYSICAL DESCRIPTION | |
| Extent | xii, 316 p. : |
| Other physical details | forms, tables ; |
| Dimensions | 24 cm. |
| 500 ## - GENERAL NOTE | |
| General note | Index : p. 312-316. |
| 650 #7 - SUBJECT ADDED ENTRY--TOPICAL TERM | |
| Topical term or geographic name as entry element | Computer science |
| General subdivision | Mathematics. |
| Source of heading or term | BUEsh |
| 9 (RLIN) | 3550 |
| 651 ## - SUBJECT ADDED ENTRY--GEOGRAPHIC NAME | |
| Source of heading or term | BUEsh |
| 653 ## - INDEX TERM--UNCONTROLLED | |
| Resource For college | Informatics and Computer Science |
| Arrived date list | October2011 |
| -- | October2014 |
| -- | December2017 |
| 942 ## - ADDED ENTRY ELEMENTS (KOHA) | |
| Item type | Book - Borrowing |
| Source of classification or shelving scheme | Dewey Decimal Classification |
| Withdrawn status | Item status | Source of classification or shelving scheme | Damaged status | Not for loan | Vendor | Home library | Current library | Shelving location | Date acquired | Source of acquisition | Total Checkouts | Full call number | Barcode | Date last seen | Koha item type | Total Renewals | Date last borrowed | Cost, normal purchase price | Cost, replacement price |
|---|---|---|---|---|---|---|---|---|---|---|---|---|---|---|---|---|---|---|---|
| Dewey Decimal Classification | Baccah | Central Library | Central Library | Lower Floor | 21/02/2010 | 004.0151 GRO | 000019669 | 15/07/2025 | NB - Book (Non borrowing) | ||||||||||
| Dewey Decimal Classification | Baccah | Central Library | Central Library | Lower Floor | 21/02/2010 | 7 | 004.0151 GRO | 000019668 | 15/07/2025 | Book - Borrowing | 34 | 05/12/2017 | |||||||
| Dewey Decimal Classification | Baccah | Central Library | Central Library | Lower Floor | 21/02/2010 | 7 | 004.0151 GRO | 000019667 | 15/07/2025 | Book - Borrowing | 54 | 27/09/2017 | |||||||
| Dewey Decimal Classification | Baccah | Central Library | Central Library | Lower Floor | 27/09/2010 | 6 | 004.0151 GRO | 000021877 | 15/07/2025 | Book - Borrowing | 41 | 21/11/2017 | |||||||
| Dewey Decimal Classification | Baccah | Central Library | Central Library | Lower Floor | 27/09/2010 | 10 | 004.0151 GRO | 000021878 | 15/07/2025 | Book - Borrowing | 19 | 24/10/2017 | |||||||
| Dewey Decimal Classification | Baccah | Central Library | Central Library | Lower Floor | 09/10/2011 | 7 | 004.0151 GRO | 000025223 | 15/07/2025 | Book - Borrowing | 37 | 11/01/2018 | |||||||
| Dewey Decimal Classification | Baccah | Central Library | Central Library | Lower Floor | 09/10/2014 | 6 | 004.0151 GRO | 000036539 | 15/07/2025 | Book - Borrowing | 16 | 18/12/2017 | |||||||
| Dewey Decimal Classification | Baccah | Central Library | Central Library | Lower Floor | 09/10/2014 | 3 | 004.0151 GRO | 000036541 | 15/07/2025 | Book - Borrowing | 32 | 12/12/2017 | 260.00 | 325.00 | |||||
| Dewey Decimal Classification | Baccah | Central Library | Central Library | Lower Floor | 09/10/2014 | 3 | 004.0151 GRO | 000036542 | 15/07/2025 | Book - Borrowing | 32 | 09/11/2017 | 260.00 | 325.00 | |||||
| Dewey Decimal Classification | Baccah | Central Library | Central Library | Lower Floor | 09/10/2014 | 6 | 004.0151 GRO | 000036543 | 15/07/2025 | Book - Borrowing | 32 | 17/01/2018 | 260.00 | 325.00 | |||||
| Dewey Decimal Classification | Donation-Gift | Central Library | Central Library | Lower Floor | 06/12/2017 | Donation | 004.0151 GRO | 000042609 | 15/07/2025 | Book - Borrowing |